Normal view MARC view
  • Otomí

Entry Materia

Number of records used in: 1

001 - NÚMERO DE CONTROL DEL REGISTRO

  • campo de control: 19075

003 - IDENTIFICADOR DE NUMERO DE CONTROL

  • campo de control: MX-MxUPN

005 - FECHA Y HORA DE LA ÚLTIMA TRANSACCIÓN

  • campo de control: 20230621102522.0

008 - DATOS DE LONGITUD FIJA

  • campo de control de longitud fija: 230621nn fnznnbabb n ana |d

035 ## - NÚMERO DE CONTROL DEL SISTEMA

  • Número de control del sistema: UPN10000019084

040 ## - FUENTE DE LA CATALOGACIÓN

  • Lengua de catalogación: spa
  • Centro catalogador de origen: MX-MxUPN

053 #4 - NÚMERO CLASIFICADOR - BIBLIOTECA DEL CONGRESO (LC)

  • Elemento numérico de la clasificación - Número único o no. inicial del rango: PM4148

150 ## - ENCABEZAMIENTO - TEMÁTICO

  • Término de materia o nombre geográfico como elemento inicial: Otomí
  • Subdivisión de forma: Diccionarios
  • Subdivisión de materia general: Español

670 ## - FUENTE EN LA QUE SE LOCALIZARON DATOS

  • Cita de la fuente: Escamilla González, G. Lista de encabezamientos de materia, 1978 :
  • Información localizada: página 548 (Maya - Diccionarios - Inglés)

902 ## - CATALOGADOR

  • Catalogador: MCM/230911
  • Catalogador: VíctorGodínez/210623